Niederländische Städte - Sudden Death - Statistiken

Allgemein
  • Dieses Quiz wurde 605 mal gespielt
  • Das Durchschnittsergebnis liegt bei 10 aus 16
Answers on the Grid
Answers color-coded by a green-red scale on the quiz's grid according to % correct below.
Alkmaar
Almere
Amiens
Amsterdam
Antwerpen
Beveren
Breda
Colmar
Den Haag
Eindhoven
Erlangen
Grenoble
Groningen
Halifax
Limoges
Maastricht
Mechelen
Molenbeek
Nanterre
Nijmegen
Oostende
Reutlingen
Roermond
Rotterdam
Rouen
Tilburg
Utrecht
Venlo
Weert
Zwolle
 
Antwortstatistiken
Antwort % Korrekt
Amsterdam
93%
Alkmaar
83%
Den Haag
80%
Eindhoven
80%
Maastricht
72%
Groningen
69%
Rotterdam
65%
Utrecht
63%
Nijmegen
60%
Venlo
60%
Zwolle
56%
Almere
48%
Tilburg
48%
Breda
47%
Roermond
37%
Weert
19%
Keine übereinstimmenden Quizze gefunden
Verteilung der Resultate
Anzahl Personen mit jedem Resultat
Perzentil nach korrekt beantworteten Fragen
Ihre Resultats-Entwicklung
Sie haben dieses Quiz noch nicht gespielt